000 nam a22 7a 4500
999 _c126509
_d126509
008 170608b xxu||||| |||| 00| 0 eng d
050 _aB5305.U55 2016
245 _aUniversalism, realism, and intercultural philosophy
_bNigeria Philophical Studies IV
_c/ edited by Joseph Achike C.Agbakoba
260 _aWashington D.C.
_bThe Council for Research in Values and Philosophy
_c2016
300 _avi, 296p. ;
_c23cm.
440 _aCultural heritage and contemporary change series II .African philosophy studies
_nv. 18
_932298
650 _aPhilosophy, African
_xCongresses
_932299
650 _aPhilosophy
_xAfrica
_xCongresses
_932300
650 _aCulture
_xCongresses
_y21st century
_932301
700 _aAgbakoba, Joseph Achike C.
_eed.
_932302
700 _aAjah, Anthony C.
_eed.
_932303
942 _2lcc
_cMONOGRAPH